[Event "Athens Smaok op 6h"]
[Site "Athens"]
[Date "2016.04.19"]
[Round "6.9"]
[White "Konstantinidis, Michail"]
[Black "Sarakenidis, Nikolaos"]
[Result "0-1"]
[WhiteElo "1768"]
[BlackElo "1837"]
[PlyCount "74"]
[EventDate "2016.03.15"]
[EventType "swiss"]
[EventRounds "7"]
[EventCountry "GRE"]
[SourceTitle "EXT 2024"]
[Source "ChessBase"]
[SourceDate "2023.10.10"]
[SourceVersion "1"]
[SourceVersionDate "2023.10.10"]
[SourceQuality "1"]

1. d4 e6 2. c4 f5 3. Nc3 Nf6 4. Nf3 d6 5. g3 Be7 6. Bg2 0-0 7. 0-0 Nc6 8. d5 Ne5 9. Nd2 Qe8 10. dxe6 c6 11. b3 Bxe6 12. Nf3 Nxf3+ 13. exf3 Qd7 14. Re1 Rfe8 15. Ba3 d5 16. cxd5 Nxd5 17. Bxe7 Rxe7 18. Na4 b6 19. Rc1 Rae8 20. a3 c5 21. Nb2 Nf6 22. Qc2 Qb5 23. Nc4 Bxc4 24. Rxe7 Rxe7 25. bxc4 Qd7 26. Rd1 Qe6 27. Bh3 g6 28. Bf1 Rd7 29. a4 Qc6 30. a5 bxa5 31. Rb1 a6 32. Qc3 a4 33. Be2 Rd4 34. Qe3 Qe8 35. Qh6 Qxe2 36. Rb8+ Ne8 37. Rb7 Rd1+ 0-1

[Event "Chalkidiki op"]
[Site "Chalkidiki"]
[Date "2015.07.19"]
[Round "9"]
[White "Koumtzis, Argirios"]
[Black "Konstantinidis, Michail"]
[Result "0-1"]
[WhiteElo "1754"]
[BlackElo "1894"]
[PlyCount "124"]
[EventDate "2015.07.12"]
[EventType "swiss"]
[EventRounds "9"]
[EventCountry "GRE"]
[SourceTitle "EXT 2016"]
[Source "ChessBase"]
[SourceDate "2015.10.08"]
[SourceVersion "1"]
[SourceVersionDate "2015.10.08"]
[SourceQuality "1"]

1. d4 Nf6 2. c4 e6 3. Nf3 Bb4+ 4. Bd2 a5 5. g3 d6 6. Bg2 Nbd7 7. 0-0 e5 8. e3 Bxd2 9. Qxd2 0-0 10. Nc3 c6 11. Qc2 Re8 12. e4 Qc7 13. h3 Nf8 14. d5 cxd5 15. cxd5 Bd7 16. Rac1 b5 17. Qd3 Qb6 18. Nh4 b4 19. Ne2 Rec8 20. Qf3 Rxc1 21. Nxc1 Rc8 22. Nd3 Bb5 23. Rc1 Rxc1+ 24. Nxc1 Qc5 25. Qd1 g6 26. Nb3 Qb6 27. Qc2 a4 28. Nd2 N8d7 29. Bf1 Nc5 30. Bc4 b3 31. axb3 axb3 32. Qb1 Bxc4 33. Nxc4 Qa6 34. Nd2 Qe2 35. Nhf3 Nfxe4 36. Qf1 Qxf1+ 37. Nxf1 Nd3 38. N3d2 Nexf2 39. Nc4 Nxh3+ 40. Kg2 Ng5 41. Nxd6 Nxb2 42. Nd2 Nd3 43. Nxb3 Nb4 44. Nc4 Nxd5 45. Nxe5 Ne3+ 46. Kf2 Nf5 47. g4 Nd6 48. Nd4 Kg7 49. Kg3 Nge4+ 50. Kf4 Nc5 51. Ndf3 Ne6+ 52. Kg3 Ne4+ 53. Kh4 f6 54. Nd3 h6 55. Nfe1 N6g5 56. Nf4 Kf7 57. Ned3 Nf3+ 58. Kh3 Ne5 59. Kh4 g5+ 60. Kh5 Nxd3 61. Nxd3 Kg7 62. Nf2 Ng3# 0-1

[Event "Porto Carras op 2nd"]
[Site "Porto Carras"]
[Date "2005.04.22"]
[Round "1"]
[White "Konstantinidis, Michail"]
[Black "Chatalbashev, Boris"]
[Result "1/2-1/2"]
[WhiteElo "2045"]
[BlackElo "2499"]
[PlyCount "89"]
[EventDate "2005.04.22"]
[EventType "swiss"]
[EventRounds "9"]
[EventCountry "GRE"]
[SourceTitle "CBM 105 Extra"]
[Source "ChessBase"]
[SourceDate "2005.05.01"]
[SourceVersion "1"]
[SourceVersionDate "2005.05.01"]
[SourceQuality "1"]

1. e4 g6 2. d4 Bg7 3. Nc3 d6 4. Be3 a6 5. h3 b5 6. Bd3 Nd7 7. a4 b4 8. Nce2 c5 9. c3 bxc3 10. bxc3 Ngf6 11. Nf3 Bb7 12. Nd2 Rc8 13. a5 0-0 14. 0-0 Rc7 15. Qa4 cxd4 16. cxd4 e5 17. d5 Nc5 18. Qa3 Nfd7 19. Rfc1 f5 20. f3 Qh4 21. Nc4 fxe4 22. fxe4 Bh6 23. Bxh6 Qxh6 24. Nxd6 Qe3+ 25. Kh2 Rf2 26. Ng3 Nxd3 27. Rxc7 Qd2 28. Rg1 Nf4 29. Ne2 Nxe2 30. Rxd7 Qf4+ 31. Kh1 Ng3+ 32. Qxg3 Qxg3 33. Rxb7 Qa3 34. Nc4 Qd3 35. Nd6 Qa3 36. Nc4 Qa4 37. Rc7 Rc2 38. Rb1 Rf2 39. Rb8+ Rf8 40. Rbb7 Rf1+ 41. Kh2 Qa1 42. Rc8+ Rf8 43. Rcc7 Rf1 44. Rc8+ Rf8 45. Rcc7 1/2-1/2

[Event "Heraklio op 9th"]
[Site "Heraklion"]
[Date "2005.??.??"]
[Round "6"]
[White "Prassas, Georgios"]
[Black "Konstantinidis, Michail"]
[Result "1-0"]
[WhiteElo "2055"]
[BlackElo "2045"]
[PlyCount "47"]
[EventDate "2005.06.??"]
[EventType "swiss"]
[EventRounds "9"]
[EventCountry "GRE"]
[SourceTitle "EXT 2007"]
[Source "ChessBase"]
[SourceDate "2006.11.23"]
[SourceVersion "1"]
[SourceVersionDate "2006.11.23"]
[SourceQuality "1"]

1. e4 c5 2. Nc3 Nc6 3. Bb5 Nd4 4. Bc4 e6 5. Nf3 Ne7 6. Nxd4 cxd4 7. Ne2 Nc6 8. 0-0 Be7 9. d3 a6 10. a3 b5 11. Ba2 Bb7 12. f4 0-0 13. f5 a5 14. Nf4 b4 15. a4 Qc7 16. Nh5 Bd6 17. Rf3 g6 18. Rh3 exf5 19. Bg5 Be7 20. Bxe7 Nxe7 21. Qd2 Qe5 22. Qg5 Kh8 23. Nf6 h5 24. Qh6# 1-0

[Event "Lefkos Pyrgos int 7th"]
[Site "Thessaloniki"]
[Date "2003.12.23"]
[Round "5"]
[White "Zakarian, David"]
[Black "Konstantinidis, Michail"]
[Result "1-0"]
[WhiteElo "2246"]
[BlackElo "2051"]
[PlyCount "61"]
[EventDate "2003.12.20"]
[EventType "swiss"]
[EventRounds "9"]
[EventCountry "GRE"]
[SourceTitle "CBM 097 Extra"]
[Source "ChessBase"]
[SourceDate "2004.01.13"]
[SourceVersion "1"]
[SourceVersionDate "2004.01.13"]
[SourceQuality "1"]

1. e4 c5 2. Nf3 Nc6 3. Bb5 d6 4. 0-0 Bd7 5. Re1 Nf6 6. c3 a6 7. Bf1 Bg4 8. d3 e6 9. Nbd2 Be7 10. h3 Bh5 11. a3 0-0 12. b4 b5 13. g4 Bg6 14. Nh4 Nd7 15. Ng2 Bf6 16. Bb2 cxb4 17. axb4 Nxb4 18. f4 Nc6 19. f5 exf5 20. exf5 Bxf5 21. gxf5 Qb6+ 22. Kh1 Nc5 23. Rc1 Bg5 24. Rc2 Rae8 25. d4 Na4 26. Ne4 Bd8 27. f6 gxf6 28. Nf4 f5 29. Nxd6 Rxe1 30. Qxe1 Nxd4 31. Rg2+ 1-0